[Event "Under 1700 Thematical English"]
[Site "SchemingMind.com"]
[Date "2009.11.17"]
[Round "-"]
[White "lame wolf"]
[Black "lemmie"]
[Result "0-1"]
[WhiteCountry "INT"]
[BlackCountry "NED"]
[WhiteElo "1097"]
[WhiteRD "53"]
[BlackElo "1589"]
[BlackRD "50"]
[GameID "226990"]

1. c4 Nf6 2. Nc3 e5 3. d4 Nc6 4. d5 Ne7 5. Qc2 c6 6. Bg5 Ng6 7. Bxf6 Qxf6 8. e4 Bc5 9. g3 a5 10. a3 O-O
11. Bg2 d6 12. Qb1 Qxf2+
0-1

[Event "Under 1700 Thematical English"]
[Site "SchemingMind.com"]
[Date "2009.11.17"]
[Round "-"]
[White "lemmie"]
[Black "lame wolf"]
[Result "1-0"]
[WhiteCountry "NED"]
[BlackCountry "INT"]
[WhiteElo "1589"]
[WhiteRD "50"]
[BlackElo "1097"]
[BlackRD "53"]
[GameID "226991"]

1. c4 Nf6 2. Nc3 d5 3. d4 e6 4. Nf3 Nc6 5. Bg5 h6 6. Bh4 g5 7. Bg3 Bb4 8. c5 Bxc3+ 9. bxc3 Ne4 10. Qc2 g4
11. Bh4 f6 12. Nd2 Rg8 13. Nxe4 Rf8 14. Ng3 Bd7 15. Qg6+ Rf7 16. Nh5 Ne7 17. Nxf6+ Kf8 18. Nh7+ Ke8 19. Bxe7 Qxe7 20. Qg8+ Rf8
21. Nxf8 Qxf8 22. Qxg4 c6 23. Qh5+ Qf7 24. Qxh6 Ke7 25. g3 Qf6 26. Qxf6+ Kxf6 27. h4 Re8 28. Bh3 Ke7 29. O-O-O Kd8 30. e3 Kc7
31. g4 b5 32. a3 a5 33. g5 a4 34. g6 Rg8 35. h5
1-0

[Event "Under 1700 Thematical English"]
[Site "SchemingMind.com"]
[Date "2009.11.17"]
[Round "-"]
[White "XTC"]
[Black "lame wolf"]
[Result "1-0"]
[WhiteCountry "COL"]
[BlackCountry "INT"]
[WhiteElo "1679"]
[WhiteRD "53"]
[BlackElo "1097"]
[BlackRD "53"]
[GameID "227033"]

1. c4 Nf6 2. Nc3 e5 3. Nf3 d6 4. d4 e4 5. Nd2 d5 6. cxd5 Nxd5 7. Ndxe4 Nxc3 8. Nxc3 Bb4 9. Bd2 Qxd4 10. e3 Qd8
11. Qa4+ Nc6 12. Bb5 Bd7 13. Bxc6 Bxc6 14. Qxb4 Qd6 15. Qxd6 cxd6 16. O-O O-O 17. a4 a6 18. b4 b5 19. axb5 axb5 20. f3 d5
21. e4 Rxa1 22. Rxa1 dxe4 23. Nxe4 Bxe4 24. fxe4 Re8 25. Re1 f5 26. exf5 Rxe1+ 27. Bxe1 Kf7 28. g4 g5 29. fxg6+ Kxg6 30. h4 h5
31. gxh5+ Kxh5= 32. Kf1 Kg6 33. Ke2 Kh5 34. Kd3 Kg6 35. Kd4
1-0

[Event "Under 1700 Thematical English"]
[Site "SchemingMind.com"]
[Date "2009.11.17"]
[Round "-"]
[White "XTC"]
[Black "lemmie"]
[Result "1/2-1/2"]
[WhiteCountry "COL"]
[BlackCountry "NED"]
[WhiteElo "1679"]
[WhiteRD "53"]
[BlackElo "1589"]
[BlackRD "50"]
[GameID "227034"]

1. c4 Nf6 2. Nc3 e5 3. g3 d5 4. cxd5 Nxd5 5. Bg2 Nxc3 6. bxc3 Bd6 7. e4 Nc6 8. Nf3 Bg4 9. O-O O-O 10. Bb2 h6
11. d4 a6 12. d5 Ne7 13. Qb3 Rb8 14. Ba3 c6 15. c4 Bxa3 16. Qxa3 cxd5 17. cxd5 Ng6 18. Qb2 Re8 19. h3 Bd7 20. a4 b5
21. axb5 Bxb5 22. Rfc1 Bd3 23. Qa3 Bxe4 24. Qxa6 Qxd5 25. Qe2 Bxf3 26. Qxf3 e4 27. Qe3 f5 28. Rc5 Qd7 29. Bf1 Ne5 30. Bc4+ Nxc4
31. Rxc4 Qe6 32. Rc7 Rb3 33. Qf4 Rf3 34. Qd2 Rf8 35. Raa7 Rb8 36. Rxg7+ Kf8 37. Raf7+ Ke8 38. Re7+ Qxe7 39. Rxe7+ Kxe7 40. Qxh6 Rbb3
41. Qg7+ Ke6 42. h4 Rbd3 43. h5 e3 44. fxe3 Rdxe3 45. Qg6+ Ke7 46. Qg7+ Ke6 47. Qg8+ Ke7 48. Qg7+ Ke6=
1/2-1/2

[Event "Under 1700 Thematical English"]
[Site "SchemingMind.com"]
[Date "2009.11.17"]
[Round "-"]
[White "lame wolf"]
[Black "XTC"]
[Result "0-1"]
[WhiteCountry "INT"]
[BlackCountry "COL"]
[WhiteElo "1097"]
[WhiteRD "53"]
[BlackElo "1679"]
[BlackRD "53"]
[GameID "227035"]

1. c4 Nf6 2. Nc3 e6 3. d4 Bb4 4. Bd2 O-O 5. a3 Bxc3 6. Bxc3 b6 7. d5 exd5 8. cxd5 Bb7 9. d6 cxd6 10. Qxd6 Ne4
11. Qf4 Nxc3 12. bxc3 Nc6 13. Qd6 Rc8 14. g3 Ne7 15. f3 Rxc3 16. e4 Re3+ 17. Kf2 Rb3 18. Bc4 Rb2+ 19. Ne2 a6 20. Rhb1 Rxb1
21. Rxb1 b5 22. Bd5 Bxd5 23. exd5 Qc8 24. Rc1 Qb7 25. Nf4 g5 26. Qxe7 gxf4 27. d6 fxg3+ 28. hxg3 Rc8 29. Rxc8+ Qxc8 30. g4 a5
31. g5 b4 32. axb4 axb4 33. Qe5 Qc2+ 34. Kg3 b3 35. Qe7 Qc8 36. Qe1 Qb8 37. Qd2 b2
0-1

[Event "Under 1700 Thematical English"]
[Site "SchemingMind.com"]
[Date "2009.11.17"]
[Round "-"]
[White "lemmie"]
[Black "XTC"]
[Result "1-0"]
[WhiteCountry "NED"]
[BlackCountry "COL"]
[WhiteElo "1617"]
[WhiteRD "52"]
[BlackElo "1739"]
[BlackRD "49"]
[GameID "227036"]

1. c4 Nf6 2. Nc3 g6 3. d4 Bg7 4. e4 d6 5. Be2 O-O 6. Bg5 c5 7. d5 b5 8. h3 b4 9. Nb1 e6 10. Nf3 exd5
11. exd5 Nbd7 12. Nbd2 Nb6 13. O-O Bf5 14. Nh4 Qd7 15. Bf3 Rae8 16. Bxf6 Bxf6 17. Nxf5 Qxf5 18. Rb1 Qd3 19. b3 Bc3 20. Ne4 Qxd1
21. Rbxd1 Be5 22. Rfe1 f5 23. Ng3 Bxg3 24. fxg3 a5 25. Re6 Rxe6 26. dxe6 Re8 27. Re1 Nc8 28. Bc6 Re7 29. Bd7 Nb6 30. Bc6 Kg7
31. Kf2 Kf6 32. Bd5 Nxd5 33. cxd5 g5 34. Kf3 h5 35. Re2 Kg6= 36. Ke3 Kg7 37. Kd3 Kf8 38. Kc4 Rb7 39. Rf2 Kg7 40. Rxf5 Kg6
41. Rf2 g4 42. Re2 Kf6 43. Re4 Kf5 44. Rf4+ Ke5 45. Rf7 Rb8 46. Rh7 gxh3 47. gxh3 Kf6 48. Rxh5 Kg6 49. g4 Rb7 50. h4 Kg7
51. Rf5
1-0

[Event "Under 1700 Thematical English"]
[Site "SchemingMind.com"]
[Date "2009.11.19"]
[Round "-"]
[White "MOIMOI"]
[Black "lame wolf"]
[Result "1-0"]
[WhiteCountry "POL"]
[BlackCountry "INT"]
[WhiteElo "1604"]
[WhiteRD "57"]
[BlackElo "1097"]
[BlackRD "53"]
[GameID "227413"]

1. c4 Nf6 2. Nc3 e5 3. g3 c5 4. Bg2 Nc6 5. d3 b6 6. e3 Bb7 7. Nge2 Rb8 8. O-O d6 9. Ne4 Nxe4 10. Bxe4 Ne7
11. Qa4+ Qd7 12. Qxd7+ Kxd7 13. Bxb7 Rxb7 14. Bd2 f6 15. f4 b5 16. cxb5 Rxb5 17. b3 Nc6 18. Rfb1 exf4 19. exf4 Nd4 20. Nxd4 cxd4
21. a4 Rb8 22. b4 Be7 23. Be1 Rhc8 24. Rc1 Rxc1 25. Rxc1 f5 26. b5 Bd8 27. Kg2 g5 28. fxg5 Bxg5 29. Rc4 f4 30. gxf4 Bxf4
31. Rxd4 Be5 32. Rc4 a6 33. bxa6 Ra8 34. a5 Rxa6 35. Rh4 Rxa5 36. Bxa5
1-0

[Event "Under 1700 Thematical English"]
[Site "SchemingMind.com"]
[Date "2009.11.20"]
[Round "-"]
[White "MOIMOI"]
[Black "XTC"]
[Result "0-1"]
[WhiteCountry "POL"]
[BlackCountry "COL"]
[WhiteElo "1575"]
[WhiteRD "53"]
[BlackElo "1739"]
[BlackRD "49"]
[GameID "227414"]

1. c4 Nf6 2. Nc3 g6 3. d4 Bg7 4. e4 d6 5. h3 O-O 6. Bd3 c5 7. e5 dxe5 8. dxe5 Nfd7 9. Nf3 Nxe5 10. Nxe5 Bxe5
11. O-O Bxc3 12. bxc3 Nc6 13. Bh6 Re8 14. Qf3 Ne5 15. Qe3 Nxd3 16. Rad1 Bf5 17. g4 Be6 18. Rxd3 Qb6 19. g5 Bxc4 20. Rfd1 Bxd3
21. Rxd3 Qb1+ 22. Kg2 Qxa2 23. Qe5 f6 24. gxf6 Qf7 25. fxe7 Qxe7 26. Qd5+ Kh8 27. Qb3 Qh4 28. Be3 Qe4+ 29. Kg1 Qxd3 30. Qb2 c4
31. Qb5 Rxe3 32. fxe3 Qxe3+ 33. Kh2 Rf8 34. Qb1 Rf2+ 35. Kh1 Qxh3+
0-1

[Event "Under 1700 Thematical English"]
[Site "SchemingMind.com"]
[Date "2009.11.19"]
[Round "-"]
[White "MOIMOI"]
[Black "lemmie"]
[Result "1-0"]
[WhiteCountry "POL"]
[BlackCountry "NED"]
[WhiteElo "1604"]
[WhiteRD "57"]
[BlackElo "1589"]
[BlackRD "50"]
[GameID "227415"]

1. c4 Nf6 2. Nc3 e5 3. e4 Bc5 4. Nf3 Nc6 5. d3 h6 6. Nd5 Nd4 7. Nxd4 Bxd4 8. Be2 d6 9. Rb1 c6 10. Nxf6+ Qxf6
11. O-O Qg6 12. Bh5 Qf6 13. Be3 g6 14. Be2 Bd7 15. Qd2 Bxe3 16. fxe3 Qg5 17. Bf3 h5 18. Qb4 Rb8 19. Qxd6 Rc8 20. h4 Qxe3+
21. Kh1 Qf4 22. Kg1 Qxh4 23. Qxe5+ Be6 24. Qxh8+ Kd7 25. Qd4+ Ke7 26. Qxa7 Rc7 27. Qc5+ Ke8 28. d4 Qg3 29. e5 h4 30. d5 Bf5
31. e6 h3 32. Rbe1 hxg2 33. exf7+ Kxf7 34. Bxg2 Kg7 35. Re7+ Rxe7 36. Qxe7+ Kh6 37. Rf3 Qg4 38. Rh3+
1-0

[Event "Under 1700 Thematical English"]
[Site "SchemingMind.com"]
[Date "2009.11.19"]
[Round "-"]
[White "lame wolf"]
[Black "MOIMOI"]
[Result "0-1"]
[WhiteCountry "INT"]
[BlackCountry "POL"]
[WhiteElo "1097"]
[WhiteRD "53"]
[BlackElo "1604"]
[BlackRD "57"]
[GameID "227416"]

1. c4 Nf6 2. Nc3 Nc6 3. e3 b6 4. d3 Bb7 5. Nge2 g6 6. g3 Nd4 7. exd4 Bxh1 8. f3 Bxf3 9. d5 h5 10. Ne4 Nxe4
11. dxe4 Bxe4 12. Nc3 Bf5 13. Bd3 Bxd3 14. Qxd3 Bg7 15. Ne4 e6 16. Rb1 O-O 17. Be3 exd5 18. Qxd5 Qe7 19. Bd4 Bxd4 20. b3 Bc5
21. b4 Bxb4+ 22. Kd1 Ba5 23. h4 Rae8 24. Kc2 Qxe4+ 25. Qxe4 Rxe4
0-1

[Event "Under 1700 Thematical English"]
[Site "SchemingMind.com"]
[Date "2009.11.19"]
[Round "-"]
[White "XTC"]
[Black "MOIMOI"]
[Result "1-0"]
[WhiteCountry "COL"]
[BlackCountry "POL"]
[WhiteElo "1818"]
[WhiteRD "48"]
[BlackElo "1568"]
[BlackRD "51"]
[GameID "227417"]

1. c4 Nf6 2. Nc3 Nc6 3. Nf3 e6 4. d4 d5 5. cxd5 exd5 6. e3 Bb4 7. Bd2 Bxc3 8. Bxc3 Bg4 9. Bb5 a6 10. Bxc6+ bxc6
11. O-O O-O 12. h3 Bh5 13. Rc1 a5 14. a4 Ne4 15. g4 Bg6 16. Ne5 f6 17. Nxg6 hxg6 18. Be1 f5 19. Rxc6 Qh4 20. Qf3 fxg4
21. Qxg4 Qg5 22. Qxg5 Nxg5 23. f4 Ne4 24. Rxc7 Rab8 25. Bc3 Ng3 26. Rb1 Rfc8 27. Rxc8+ Rxc8 28. Bxa5 Ra8 29. b4 Ne4 30. Rc1 Nf6
31. Kg2 Kf8 32. Kf3 Ke7 33. Rc7+ Kf8 34. Rc6 Ke7 35. Ke2 Ne4 36. Rxg6 Nc3+ 37. Kd3 Nxa4 38. Rxg7+ Kf6 39. Rg2 Rc8 40. Rc2 Rb8
41. Rc6+ Kf5 42. Rd6 Nb2+ 43. Kc3 Nd1+ 44. Kd2 Nf2 45. Rxd5+ Ke4 46. Re5+ Kf3 47. h4 Rc8 48. d5 Ne4+ 49. Rxe4 Kxe4 50. d6 Kd5
51. d7 Ra8 52. d8=Q+ Rxd8 53. Bxd8 Kc4 54. h5 Kxb4 55. h6
1-0

[Event "Under 1700 Thematical English"]
[Site "SchemingMind.com"]
[Date "2009.11.19"]
[Round "-"]
[White "lemmie"]
[Black "MOIMOI"]
[Result "1-0"]
[WhiteCountry "NED"]
[BlackCountry "POL"]
[WhiteElo "1589"]
[WhiteRD "50"]
[BlackElo "1604"]
[BlackRD "57"]
[GameID "227418"]

1. c4 Nf6 2. Nc3 Nc6 3. Nf3 g6 4. g3 b6 5. Bg2 Bg7 6. e3 O-O 7. O-O Bb7 8. d4 e6 9. Ne5 Rb8 10. Nxc6 Bxc6
11. Bxc6 dxc6 12. c5 bxc5 13. dxc5 Nd5 14. Nxd5 cxd5 15. Rb1 c6 16. b4 a5 17. a3 Bc3 18. Bd2 axb4 19. axb4 Bxd2 20. Qxd2 Re8
21. Rfe1 Ra8 22. Rb2 Qc7 23. Reb1 Reb8 24. Qd3 Ra4 25. h4 Rb5 26. Qc3 Qa7 27. Kg2 Ra1 28. Rb3 Rxb1 29. Rxb1 Qa4= 30. Rb3 Qa2
31. Ra3 Qxa3 32. Qxa3 Kg7 33. Qa6 Rxb4 34. Qxc6 d4 35. exd4 Kf6 36. Qb6 Rxd4 37. c6 Rd6 38. Qb7 Rxc6 39. Qxc6 h5 40. f4 Kg7
41. Qe8 Kf6 42. Kf3 Kg7 43. Qe7 Kg8 44. Qf6 Kf8 45. g4 hxg4+ 46. Kxg4 e5 47. fxe5 Kg8 48. e6 fxe6 49. Qxg6+ Kf8 50. Qxe6 Kg7
51. h5 Kf8 52. Qg6
1-0

[Event "Under 1700 Thematical English"]
[Site "SchemingMind.com"]
[Date "2009.11.20"]
[Round "-"]
[White "Schaakmaatje"]
[Black "lame wolf"]
[Result "1-0"]
[WhiteCountry "NED"]
[BlackCountry "INT"]
[WhiteElo "1736"]
[WhiteRD "50"]
[BlackElo "1055"]
[BlackRD "45"]
[GameID "227528"]

1. c4 Nf6 2. Nc3 e5 3. g3 c6 4. Bg2 d6 5. d3 Bd7 6. Nf3 Be6 7. O-O d5 8. Nxe5 Bd6 9. cxd5 cxd5 10. d4 Nc6
11. Nxc6 bxc6 12. Bg5 O-O 13. e3 c5 14. dxc5 Bc7 15. Rc1 Qd7 16. Bxf6 g6 17. Nxd5 Qc6 18. Ne7#
1-0

[Event "Under 1700 Thematical English"]
[Site "SchemingMind.com"]
[Date "2009.11.25"]
[Round "-"]
[White "Schaakmaatje"]
[Black "XTC"]
[Result "0-1"]
[WhiteCountry "NED"]
[BlackCountry "COL"]
[WhiteElo "1680"]
[WhiteRD "47"]
[BlackElo "1818"]
[BlackRD "48"]
[GameID "227529"]

1. c4 Nf6 2. Nc3 g6 3. d4 Bg7 4. g3 O-O 5. Bg2 d6 6. Nf3 c5 7. d5 e6 8. O-O exd5 9. cxd5 a6 10. a4 Re8
11. Bg5 Qc7 12. Re1 Nbd7 13. e4 b6 14. Rc1 Bb7 15. Nd2 Ne5 16. Qc2 h6 17. Bxf6 Bxf6 18. f4 Nd7 19. Nf3 c4 20. Rcd1 Qc5+
21. Kh1 Bg7 22. Ne2 Nf6 23. Ned4 Ng4 24. h3 Nf6 25. b3 cxb3 26. Qxb3 Nxe4 27. Rxe4 Rxe4
0-1

[Event "Under 1700 Thematical English"]
[Site "SchemingMind.com"]
[Date "2009.11.25"]
[Round "-"]
[White "Schaakmaatje"]
[Black "lemmie"]
[Result "1-0"]
[WhiteCountry "NED"]
[BlackCountry "NED"]
[WhiteElo "1736"]
[WhiteRD "50"]
[BlackElo "1617"]
[BlackRD "52"]
[GameID "227530"]

1. c4 Nf6 2. Nc3 e5 3. g3 Nc6 4. Bg2 Nd4 5. e3 Ne6 6. d4 exd4 7. exd4 Qe7 8. Nge2 g6 9. O-O Bg7 10. Re1 O-O
11. Qd3 d6 12. Nd5 Qd7 13. Bh3 c6 14. Nxf6+ Bxf6 15. Bf4 Bg7 16. Rad1 Qe7 17. b3 Bd7 18. d5 cxd5 19. Qxd5 Be5 20. Bxe5 Nc7
21. Bxd6 Qd8 22. Bxc7
1-0

[Event "Under 1700 Thematical English"]
[Site "SchemingMind.com"]
[Date "2009.11.20"]
[Round "-"]
[White "Schaakmaatje"]
[Black "MOIMOI"]
[Result "1-0"]
[WhiteCountry "NED"]
[BlackCountry "POL"]
[WhiteElo "1680"]
[WhiteRD "47"]
[BlackElo "1568"]
[BlackRD "51"]
[GameID "227531"]

1. c4 Nf6 2. Nc3 g6 3. g3 Bg7 4. Bg2 O-O 5. d3 d6 6. Nf3 h6 7. O-O Nc6 8. Bd2 Ne5 9. Rc1 c6 10. b4 a5
11. a3 a4 12. Nxa4 b5 13. cxb5 cxb5 14. Rxc8 Qxc8 15. Nb6 Qc7 16. Nxa8 Nxf3+ 17. Bxf3 Qa7 18. Qb3 Rxa8 19. Bxa8 Qxa8 20. Rc1 h5
21. f3 e6 22. Kf2 Kh7 23. e4 Ne8 24. Be3 d5 25. exd5 exd5 26. Bc5 Nc7 27. Re1 Ne6 28. Re2 Qc6 29. Rc2 Qd7 30. Kg2 Bd4
31. Qb1 f5 32. Qc1 Be5 33. d4 Bxd4 34. Bxd4 Nxd4 35. Rc7
1-0

[Event "Under 1700 Thematical English"]
[Site "SchemingMind.com"]
[Date "2009.11.20"]
[Round "-"]
[White "lame wolf"]
[Black "Schaakmaatje"]
[Result "0-1"]
[WhiteCountry "INT"]
[BlackCountry "NED"]
[WhiteElo "1055"]
[WhiteRD "45"]
[BlackElo "1736"]
[BlackRD "50"]
[GameID "227532"]

1. c4 Nf6 2. Nc3 g6 3. b3 Bg7 4. Bb2 O-O 5. e3 d6 6. d3 Nc6 7. g3 Bd7 8. Bg2 Rb8 9. e4 e5 10. Nf3 Bg4
11. O-O Nd4 12. Ne2 Nxf3+ 13. Kh1 Nd4 14. Re1 Bxe2 15. Qd2 Bg4 16. Bxd4 exd4 17. f3 Bd7 18. b4 c6 19. c5 dxc5 20. a3 cxb4
21. axb4 Be6 22. f4 Ng4 23. Rxa7 Ne3 24. Raa1 b6 25. e5 c5 26. Bc6 Bd5+ 27. Bxd5 Qxd5+ 28. Kg1 Ra8 29. Rxa8 Rxa8 30. Re2 Ra1+
31. Kf2 Qg2#
0-1

[Event "Under 1700 Thematical English"]
[Site "SchemingMind.com"]
[Date "2009.11.20"]
[Round "-"]
[White "XTC"]
[Black "Schaakmaatje"]
[Result "1-0"]
[WhiteCountry "COL"]
[BlackCountry "NED"]
[WhiteElo "1739"]
[WhiteRD "49"]
[BlackElo "1736"]
[BlackRD "50"]
[GameID "227533"]

1. c4 Nf6 2. Nc3 c5 3. Nf3 g6 4. d4 cxd4 5. Nxd4 d6 6. e4 Bg7 7. Be2 O-O 8. O-O a6 9. Be3 Nbd7 10. Nd5 Nxe4
11. Bf3 Nef6 12. Rc1 e6 13. Nxf6+ Nxf6 14. b4 Rb8 15. Bg5 Qb6 16. a3 Ne4 17. Be3 d5 18. Nf5 Qd8 19. Nxg7 Kxg7 20. Qd4+ Kg8
21. Bxe4 dxe4 22. Qxe4 Bd7 23. Rcd1 Bc6 24. Qe5 Qc8 25. Qf6
1-0

[Event "Under 1700 Thematical English"]
[Site "SchemingMind.com"]
[Date "2009.11.20"]
[Round "-"]
[White "lemmie"]
[Black "Schaakmaatje"]
[Result "1-0"]
[WhiteCountry "NED"]
[BlackCountry "NED"]
[WhiteElo "1630"]
[WhiteRD "48"]
[BlackElo "1680"]
[BlackRD "47"]
[GameID "227534"]

1. c4 Nf6 2. Nc3 e6 3. d4 d5 4. Nf3 Bb4 5. cxd5 Nxd5 6. Bd2 Nc6 7. e3 O-O 8. Bb5 Nce7 9. Ne5 c6 10. Ba4 f6
11. Nd3 Bd6 12. a3 Kh8 13. Nxd5 Nxd5 14. O-O Qc7 15. h3 b6 16. Bb3 Ba6 17. Bc2 e5 18. dxe5 Bxe5 19. Rb1 Rad8 20. Re1 Bd6
21. b4 Bc4 22. Nb2 Ba6 23. Qh5 g5 24. e4 Nf4 25. Bxf4 Bxf4 26. Nd1 Rd2 27. Bb3 Bd3 28. Rb2 Qe7 29. g3 Rxb2 30. Nxb2 Bd2
31. Nxd3 Bxe1 32. Nxe1 Qxe4 33. Kf1 Re8 34. Nf3 Rd8 35. Kg2 Rd3 36. Bc2 Qxf3+ 37. Qxf3 Rxf3 38. Kxf3 Kg7 39. Ke4 Kf7 40. Kf5 Ke7
41. Be4 c5 42. bxc5 bxc5 43. Bd3 h5 44. Kg6 Ke6 45. Kxh5 a5 46. f4 gxf4 47. gxf4 Kd5 48. a4 Kd4 49. Bf5 c4 50. Kg6 Ke3
51. Kxf6
1-0

[Event "Under 1700 Thematical English"]
[Site "SchemingMind.com"]
[Date "2009.11.20"]
[Round "-"]
[White "MOIMOI"]
[Black "Schaakmaatje"]
[Result "1-0"]
[WhiteCountry "POL"]
[BlackCountry "NED"]
[WhiteElo "1568"]
[WhiteRD "51"]
[BlackElo "1680"]
[BlackRD "47"]
[GameID "227535"]

1. c4 Nf6 2. Nc3 d6 3. g3 g6 4. Bg2 Bg7 5. Nf3 O-O 6. O-O c5 7. d3 Nc6 8. d4 cxd4 9. Nxd4 Nxd4 10. Qxd4 Bf5
11. Qd1 Rb8 12. b3 Ne4 13. Bxe4 Bxe4 14. Bb2 Bc6 15. Rb1 Qd7 16. Nd5 f6 17. f4 e6 18. Nb4 Be4 19. Rc1 a5 20. Nd3 Rfc8
21. Nf2 Bc6 22. c5 d5 23. Ng4 Rf8 24. a3 a4 25. b4 Rbd8 26. Rf3 d4 27. Rd3 e5 28. e3 Be4 29. Rd2 Bf5 30. Nf2 Qc6
31. exd4 exd4 32. Rxd4 Rd7 33. Rxd7 Qxd7 34. Qxd7 Bxd7 35. Ne4 Be6 36. Nd6 Rb8 37. Re1 Bb3 38. Ne8 Kf7 39. Nxg7 Kxg7 40. Re7+ Bf7
41. b5
1-0

[Event "Under 1700 Thematical English"]
[Site "SchemingMind.com"]
[Date "2009.11.26"]
[Round "-"]
[White "Shanks"]
[Black "lame wolf"]
[Result "1-0"]
[WhiteCountry "ENG"]
[BlackCountry "INT"]
[WhiteElo "1468"]
[WhiteRD "72"]
[BlackElo "1052"]
[BlackRD "44"]
[GameID "227682"]

1. c4 Nf6 2. Nc3 e5 3. e4 d6 4. Qc2 d5 5. cxd5 Bd6 6. d3 Qd7 7. Nf3 O-O 8. g3 Qd8 9. Bg2 Bg4 10. O-O Qd7
11. Nd2 Qd8 12. Nc4 Bd7 13. Nxd6 cxd6 14. b3 b6 15. Bb2 b5 16. b4 a6 17. a3 Qb6 18. a4 bxa4 19. Ba3 Bb5 20. Nxb5 Qxb5
21. Qd2 Rc8 22. Bh3 Rc7 23. Bg2 Nbd7 24. Rac1 Rxc1 25. Rxc1 h6 26. h3 Kh7 27. Kh2 g5 28. Bf1 h5 29. d4 Qb8 30. dxe5 Nxe4
31. Qd3 f5 32. e6 Ndf6 33. Bg2 Qb7 34. f3 Qxd5 35. Qxd5 Nxd5 36. fxe4 fxe4 37. Bxe4+ Kg7 38. Bxd5 Kf8 39. Bxa8
1-0

[Event "Under 1700 Thematical English"]
[Site "SchemingMind.com"]
[Date "2009.11.26"]
[Round "-"]
[White "Shanks"]
[Black "XTC"]
[Result "0-1"]
[WhiteCountry "ENG"]
[BlackCountry "COL"]
[WhiteElo "1468"]
[WhiteRD "72"]
[BlackElo "1818"]
[BlackRD "48"]
[GameID "227683"]

1. c4 Nf6 2. Nc3 e6 3. Nf3 d5 4. cxd5 exd5 5. d4 Nbd7 6. e3 Nb6 7. a3 Bf5 8. Be2 Bd6 9. O-O O-O 10. b3 Ne4
11. Nxe4 Bxe4 12. Nd2 Qh4 13. g3 Qg5 14. Nxe4 dxe4 15. a4 Nd5 16. h4 Qh6 17. a5 Nc3 18. Qc2 Nxe2+ 19. Qxe2 Qe6 20. Qc2 Rac8
21. Qd1 Qh3 22. Bd2 Bxg3 23. fxg3 Qxg3+ 24. Kh1 Qxh4+ 25. Kg1= c5 26. Qe2 Rc6 27. Rf4 Rg6+ 28. Qg2 Rxg2+ 29. Kxg2 Qg5+ 30. Kh1 cxd4
31. Rxe4 Qd5 32. Kg1 Qxe4 33. exd4 Qxd4+ 34. Kf1 Qxa1+ 35. Ke2 Re8+ 36. Be3 Qe5 37. b4 Qxe3+
0-1

[Event "Under 1700 Thematical English"]
[Site "SchemingMind.com"]
[Date "2009.11.26"]
[Round "-"]
[White "Shanks"]
[Black "lemmie"]
[Result "0-1"]
[WhiteCountry "ENG"]
[BlackCountry "NED"]
[WhiteElo "1434"]
[WhiteRD "69"]
[BlackElo "1633"]
[BlackRD "49"]
[GameID "227684"]

1. c4 Nf6 2. Nc3 e5 3. e4 Nc6 4. a3 a6 5. d3 h6 6. h3 Bc5 7. Nf3 d6 8. Be2 Bd7 9. Bd2 Nd4 10. Nxd4 Bxd4
11. Rb1 O-O 12. Nd5 c6 13. Nxf6+ Qxf6 14. O-O Qg6 15. Bf3 Bxh3 16. b4 Be6 17. a4 f5 18. exf5 Bxf5 19. Be1 Bxd3 20. Be2 Bxb1
21. Bf3 Bd3 22. Be2 Bxe2 23. Qxe2 Rf6 24. c5 dxc5 25. bxc5 Bxc5 26. Qa2+ Kh8 27. Qd2 Bd4 28. g3 Rd8 29. Qe2 Qxg3+ 30. Kh1 Qh3+
31. Kg1 Rg6+
0-1

[Event "Under 1700 Thematical English"]
[Site "SchemingMind.com"]
[Date "2009.11.26"]
[Round "-"]
[White "Shanks"]
[Black "Schaakmaatje"]
[Result "0-1"]
[WhiteCountry "ENG"]
[BlackCountry "NED"]
[WhiteElo "1468"]
[WhiteRD "72"]
[BlackElo "1680"]
[BlackRD "47"]
[GameID "227685"]

1. c4 Nf6 2. Nc3 d5 3. cxd5 Nxd5 4. d4 Bf5 5. e3 e6 6. a3 a6 7. Nf3 Nc6 8. Be2 Be7 9. O-O O-O 10. Ne5 Nxe5
11. dxe5 Nxc3
0-1

[Event "Under 1700 Thematical English"]
[Site "SchemingMind.com"]
[Date "2009.11.26"]
[Round "-"]
[White "Shanks"]
[Black "MOIMOI"]
[Result "0-1"]
[WhiteCountry "ENG"]
[BlackCountry "POL"]
[WhiteElo "1426"]
[WhiteRD "72"]
[BlackElo "1599"]
[BlackRD "54"]
[GameID "227686"]

1. c4 Nf6 2. Nc3 g6 3. Nf3 Bg7 4. g3 c6 5. Bg2 d6 6. d3 h6 7. O-O Nbd7 8. Rb1 Ne5 9. Nxe5 dxe5 10. e4 Bg4
11. Qc2 O-O 12. a4 Nh5 13. h3 Bd7 14. b4 f5 15. exf5 Bxf5 16. Nd1 Nf6 17. Ne3 Bxd3 18. Qb3 Bxf1 19. Nxf1 Kh7 20. Ne3 Qc7
21. c5 Rad8 22. b5 Nd7 23. Ba3 Rf6 24. Rc1 Rdf8 25. Ng4 R6f7 26. b6 axb6 27. cxb6 Qb8 28. a5 h5 29. Nh2 Rxf2 30. Bxe7 R8f7
31. Ba3 Bh6 32. Rf1 Rxf1+ 33. Nxf1 Rf5 34. Kh2 h4 35. g4 Rf4 36. Kg1 Nf6 37. Qf7+ Bg7 38. Bc1 Ra4 39. Bd2 Qd6 40. Qxb7 Ra1
41. Bc3 Qc5+ 42. Kh1 Qxc3 43. a6 Qd3 44. a7 Rxf1+ 45. Bxf1 Qxf1+ 46. Kh2 Ne4
0-1

[Event "Under 1700 Thematical English"]
[Site "SchemingMind.com"]
[Date "2009.11.26"]
[Round "-"]
[White "lame wolf"]
[Black "Shanks"]
[Result "0-1"]
[WhiteCountry "INT"]
[BlackCountry "ENG"]
[WhiteElo "1052"]
[WhiteRD "44"]
[BlackElo "1468"]
[BlackRD "72"]
[GameID "227687"]

1. c4 Nf6 2. Nc3 c5 3. d4 e6 4. d5 exd5 5. Nxd5 Nxd5 6. cxd5 d6 7. e4 Nd7 8. Bd2 Qc7 9. Bd3 Ne5 10. Nf3 Nxd3+
11. Ke2 Ne5 12. Nxe5 dxe5 13. f3 Bd6 14. Kf2 O-O 15. b4 cxb4 16. Qc1 Qd7 17. Rd1 a5 18. g3 b5 19. Be3 Ba6 20. Bd2 h6
21. a3 bxa3 22. Kg2 b4 23. Qc6 Qe7 24. f4 Bb7 25. Qb6 Ra6 26. Qf2 exf4 27. Bxf4 Qxe4+ 28. Qf3 Qxf3+ 29. Kxf3 Bxf4 30. gxf4 Rd6
31. Ke4 Re8+ 32. Kf5 Bc8#
0-1

[Event "Under 1700 Thematical English"]
[Site "SchemingMind.com"]
[Date "2009.11.26"]
[Round "-"]
[White "XTC"]
[Black "Shanks"]
[Result "1-0"]
[WhiteCountry "COL"]
[BlackCountry "ENG"]
[WhiteElo "1818"]
[WhiteRD "48"]
[BlackElo "1468"]
[BlackRD "72"]
[GameID "227688"]

1. c4 Nf6 2. Nc3 g6 3. d4 Bg7 4. e4 d6 5. h3 O-O 6. Nf3 Qe8 7. Bd3 Nbd7 8. O-O e5 9. dxe5 dxe5 10. Nb5 Qd8
11. Bg5 c6 12. Nd6 Qc7 13. Bc2 Ne8 14. Be7 Nxd6 15. Bxd6 Qd8 16. Bxf8 Qxf8 17. Qd2 c5 18. Rad1 b6 19. Ba4 Bh6 20. Qd5 Rb8
21. Bxd7 Bxd7 22. Qxd7 a5 23. Nxe5 a4 24. Nc6 Re8 25. Rfe1 Bg7 26. e5 h5 27. e6 fxe6 28. Rxe6 Rxe6 29. Qxe6+ Kh7 30. Ne5 Bxe5
31. Qxe5
1-0

[Event "Under 1700 Thematical English"]
[Site "SchemingMind.com"]
[Date "2009.11.26"]
[Round "-"]
[White "lemmie"]
[Black "Shanks"]
[Result "1-0"]
[WhiteCountry "NED"]
[BlackCountry "ENG"]
[WhiteElo "1633"]
[WhiteRD "49"]
[BlackElo "1434"]
[BlackRD "69"]
[GameID "227689"]

1. c4 Nf6 2. Nc3 d6 3. d4 g6 4. e4 Bg7 5. h3 a6 6. Nf3 c6 7. Be3 O-O 8. Be2 Nbd7 9. O-O Qc7 10. a3 e5
11. d5 c5 12. Nh2 b6 13. b3 Bb7 14. Ng4 Nxg4 15. Bxg4 Nf6 16. Bf3 b5 17. cxb5 axb5 18. Nxb5 Qb8 19. a4 Ba6 20. Re1 Nd7
21. Be2 Nb6 22. Qc2 h5 23. Qd1 Qd8 24. f4 exf4 25. Bxf4 Nc8 26. Rb1 Qe7 27. Bf3 Bxb5 28. axb5 Nb6 29. Qe2 Bd4+ 30. Kh1
1-0